Global Future (Registro nro. 49464)
[ vista simple ]
| 000 -LIDER / CABECERA | |
|---|---|
| fixed length control field | 00861nas a2200301Ia 4500 |
| 001 - NUMERO DE CONTROL | |
| control field | 17 |
| 003 - IDENTIFICADOR DEL NUMERO DE CONTROL | |
| control field | CO-MdFUSB |
| 005 - FECHA Y HORA DE LA ULTIMA TRANSACCION | |
| control field | 20170301160227.0 |
| 008 - ELEMENTOS DE LONGITUD FIJA | |
| fixed length control field | 151030s9999 xxu 000 0 e d |
| 022 ## - NÚMERO INTERNACIONAL NORMALIZADO PARA PUBLICACIONES SERIADAS | |
| ISSN | 0742-1524 |
| 037 ## - FUENTE DE ADQUISICION | |
| Proveedor | World Vision |
| 040 ## - FUENTE/ORIGEN DE LA CATALOGACIÓN | |
| Agencia Catalogadora | CO-MdFUSB |
| Lenguaje de catalogación | spa |
| Agencia que realiza la transcripción | CO-MdFUSB |
| Agencia que realiza la modificación | CO-MdFUSB |
| Norma de descripción | rda |
| 041 0# - IDIOMA | |
| Código de lengua del texto/banda sonora o título independiente | eng |
| Código de idioma original | eng |
| 245 10 - TÍTULO PROPIAMENTE DICHO | |
| Title | Global Future |
| Remainder of title | a world vision journal of human development |
| / Mención de Responsabilidad | World Vision |
| 260 ## - • Area De Publicacion, Distribucion, Etc. (Pie de Imprenta) (R) | |
| Place of publication, distribution, etc | California |
| 264 ## - PRODUCCIÓN, PUBLICACIÓN, DISTRIBUCIÓN, MANUFACTURA, Y COPYRIGHT | |
| Lugar de producción, publicación, distribución, fabricación : | California, Estados Unidos de América : |
| Nombre del de productor, editor, distribuidor, fabricante, | World Vision |
| 300 ## - DESCRIPCIÓN FÍSICA | |
| Extent | Número 1 - 4 |
| 310 ## - PERIODICIDAD ACTUAL | |
| Periodicidad actual | No aplica |
| Fecha de comienzo de la periodicidad actual | 2000 |
| 336 ## - TIPO DE CONTENIDO | |
| Fuente | rdacontent |
| Término de tipo de contenido | |
| Código de tipo de contenido | |
| 337 ## - TIPO DE MEDIO | |
| Fuente | rdamedia |
| Nombre del tipo de medio | |
| Código del tipo de medio | |
| 338 ## - TIPO DE SOPORTE | |
| Nombre del tipo de soport | |
| 362 ## - FECHAS DE PUBLICACIÓN Y/O DESIGNACIÓN SECUENCIAL | |
| Fecha de publicación y/o designación secuencial (Volumen) | 2000 - 2001 |
| 546 ## - NOTA DE IDIOMA | |
| Nota de idioma | Texto en inglés |
| 650 ## - PUNTO DE ACCESO ADICIONAL DE MATERIA -TÉRMINO DE MATERIA | |
| Subdivisión de forma | Publicaciones seriadas |
| 773 ## - ENLACE AL DOCUMENTO FUENTE | |
| Place, publisher, and date of publication | California, Estados Unidos: Global Vision, 2000 |
| 810 ## - PUNTO DE ACCESO ADICIONAL DE SERIE - NOMBRE DE ENTIDAD | |
| Tipo de Material | Revista |
| 942 ## - ELEMENTOS ADICIONALES (KOHA) | |
| Koha item type | Revistas y Fascículos |
| Source of classification or shelving scheme | Dewey Decimal Classification |
| Estado de la suscripción | No aplica |
| Expurgo - (Retirado) | Estado de Perdido | Estado de Dañado | Not for loan | Colección | Home library | Current library | Ubicación en Estantería | Date acquired | Información de volumen - Fascículo | Signatura topográfica | Barcode | Copy number | Koha item type |
|---|---|---|---|---|---|---|---|---|---|---|---|---|---|
| Colección de Hemeroteca | Biblioteca FUSBC | Biblioteca FUSBC | Hemeroteca | 28/09/2004 | Numero 4, (2000) | R0560 | Ej. 1 | Revistas y Fascículos | |||||
| Colección de Hemeroteca | Biblioteca FUSBC | Biblioteca FUSBC | Hemeroteca | 28/09/2004 | Numero 5, (2002) | R0561 | Ej. 1 | Revistas y Fascículos | |||||
| Colección de Hemeroteca | Biblioteca FUSBC | Biblioteca FUSBC | Hemeroteca | 28/09/2004 | Numero 4, (2001) | R0564 | Ej. 1 | Revistas y Fascículos | |||||
| Colección de Hemeroteca | Biblioteca FUSBC | Biblioteca FUSBC | Hemeroteca | 28/09/2004 | Numero 3, (2001) | R0563 | Ej. 1 | Revistas y Fascículos | |||||
| Colección de Hemeroteca | Biblioteca FUSBC | Biblioteca FUSBC | Hemeroteca | 28/09/2004 | Numero 2, (2001) | R0562 | Ej. 1 | Revistas y Fascículos |
